Statistics for Ohio Counties in Order by Population

Click here to take the quiz!

General Stats

  • This quiz has been taken 123 times
  • The average score is 47 of 88

Answer Stats

County SeatCountyPopulation% Correct
ColumbusFranklin1,264,518
92%
ClevelandCuyahoga1,249,352
85%
CincinnatiHamilton809,099
84%
AkronSummit540,300
82%
DelawareDelaware196,463
79%
ToledoLucas432,488
79%
DaytonMontgomery531,239
77%
CantonStark373,612
74%
AthensAthens66,186
72%
YoungstownMahoning230,008
70%
MedinaMedina177,221
70%
ElyriaLorain306,365
69%
Van WertVan Wert28,362
67%
MariettaWashington60,610
67%
AshlandAshland53,652
66%
HamiltonButler377,537
66%
CoshoctonCoshocton36,602
66%
NewarkLicking172,198
66%
MarionMarion65,096
66%
ChillicotheRoss77,000
66%
CarrolltonCarroll27,669
62%
SanduskyErie75,107
62%
MansfieldRichland121,107
62%
DefianceDefiance38,158
61%
XeniaGreene164,765
61%
Mt. VernonKnox60,814
61%
PainesvilleLake228,614
61%
PortsmouthScioto76,088
61%
McArthurVinton12,921
61%
WoosterWayne116,470
61%
Bowling GreenWood130,219
61%
JacksonJackson32,505
59%
ZanesvilleMuskingum86,068
59%
SpringfieldClark134,786
57%
SteubenvilleJefferson66,704
57%
PauldingPaulding18,865
57%
LancasterFairfield152,597
56%
CambridgeGuernsey39,063
56%
WarrenTrumbull201,825
56%
GallipolisGallia30,015
54%
MillersburgHolmes43,936
54%
New PhiladelphiaTuscarawas92,420
54%
RavennaPortage161,921
52%
LebanonWarren227,063
52%
St. ClairsvilleBelmont68,673
51%
NorwalkHuron58,439
51%
LimaAllen103,742
49%
CirclevillePickaway57,565
49%
MarysvilleUnion55,457
49%
UrbanaChampaign38,747
48%
BucyrusCrawford42,083
48%
ChardonGeauga94,060
48%
IrontonLawrence60,872
48%
McConnelsvilleMorgan14,804
48%
WaverlyPike28,160
48%
LoganHocking28,340
46%
CaldwellNoble14,294
46%
Mt. GileadMorrow35,036
44%
Port ClintonOttawa40,636
44%
BataviaClermont203,022
43%
WilmingtonClinton41,902
43%
PomeroyMeigs23,125
43%
WoodsfieldMonroe14,210
43%
FremontSandusky59,330
43%
BryanWilliams37,017
43%
WapakonetaAuglaize45,894
41%
LisbonColumbiana103,685
41%
WauseonFulton42,514
41%
BellefontaineLogan45,165
41%
TroyMiami104,679
41%
Upper SanduskyWyandot22,118
41%
Washington Court HouseFayette28,676
39%
CadizHarrison15,037
39%
HillsboroHighland43,029
39%
New LexingtonPerry35,927
39%
FindlayHancock75,872
38%
LondonMadison43,419
38%
JeffersonAshtabula98,231
36%
GreenvilleDarke51,778
36%
EatonPreble41,247
36%
West UnionAdams27,907
34%
NapoleonHenry27,629
34%
GeorgetownBrown43,759
33%
KentonHardin31,474
33%
CelinaMercer40,909
33%
TiffinSeneca55,353
33%
SidneyShelby48,623
31%
OttawaPutnam34,056
30%

Score Distribution

Percentile by Number Answered

Percent of People with Each Score

Your Score History

You have not taken this quiz